Statistiques concernant Culture Générale - Série 445

Cliquez ici pour prendre le quiz!

Statistiques générales

  • Ce quiz a été pris 56 fois
  • Le résultat moyen est 4 sur 10

Statistiques - réponses

QuestionRéponse% Correct
Quel peintre a dit : "J'ai mis toute ma vie à savoir dessiner comme un enfant " ?Pablo Picasso
85%
Quel révolutionnaire français réclamait "De l'audace, encore de l'audace et toujours de l'audace" ?Danton
76%
Quel fort, situé entre les îles d'Aix et d'Oléron, protège l'entrée de l'estuaire de la Charente ?Fort Boyard
67%
En 1967, quel Jacques réalise "Les Demoiselles de Rochefort" ?Jacques Demy
57%
Qui remporte la première finale du simple dames des Internationaux de France en 1925 ?Suzanne Lenglen
37%
Quel grand zoo est situé près de Royan ?La Palmyre
35%
Quelle joueuse détient le record de victoires en simple dames à Wimbledon ?Martina Navratilova
33%
Quel poète a dit : "Si quelqu'un vous dit : "Je me tue à vous le répéter", laissez‐le mourir" ?Jacques Prévert
26%
Dans quelle ville est exposée la girafe empaillée de Charles X ?La Rochelle
7%
En 1971, qui prononce la phrase : "Messieurs les censeurs, bonsoir !" dans l'émission "A armes égales" ?Maurice Clavel
4%

Distribution des résultats

Percentile par nombre de réponses

% des personnes avec chaque résultat

Votre développement - résultats

Vous n’avez pas pris ce quiz